Biblioteca y Centro de Documentación

Annual report 2002 (Registro nro. 16183)

Detalles MARC
000 -CABECERA
Longitud fija campo de control 01014nam a2200289 c 4500
001 - NÚMERO DE CONTROL
Número de control 16183
003 - IDENTIFICADOR DE NÚMERO DE CONTROL
Identificador del número de control ES-MaCES
005 - FECHA Y HORA DE LA ÚLTIMA TRANSACCIÓN
Fecha y hora de la última transacción 20190511040027.0
008 - CAMPO FIJO DE DESCRIPCIÓN FIJA--INFORMACIÓN GENERAL
Códigos de información de longitud fija   040301s2003 lu o t o000 | eng d
020 ## - ISBN (INTERNATIONAL STANDARD BOOK NUMBER)
Número Internacional Normalizado para Libros (ISBN) 9289453109
035 ## - NÚMERO DE CONTROL DEL SISTEMA
Número de control del sistema CES20040002923m
040 ## - FUENTE DE CATALOGACIÓN
Centro catalogador de origen ES-MaCES
Lengua de catalogación spa
Centro transcriptor ES-MaCES
110 2# - ENCABEZAMIENTO PRINCIPAL--NOMBRE CORPORATIVO
Nombre de entidad corporativa o nombre de jurisdicción como elemento inicial Comisión de las Comunidades Europeas
Unidad subordinada Joint Research Centre
9 (RLIN) 2092
245 10 - MENCIÓN DE TÍTULO
Título Annual report 2002
Mención de responsabilidad, etc. JRC, Joint Research Centre
260 ## - PUBLICACIÓN, DISTRIBUCIÓN, ETC (PIE DE IMPRENTA)
Lugar de publicación, distribución, etc. Luxembourg
Nombre del editor, distribuidor, etc. Office for Official Publications of the European Communities
Fecha de publicación, distribución, etc. 2003
300 ## - DESCRIPCIÓN FÍSICA
Extensión 41 p.
Otras características físicas fot. col.
Dimensiones 30 cm
541 ## - NOTA DE LA FUENTE INMEDIANTE DE ADQUISICIÓN
Forma de adquisición Gratuito
610 24 - ASIENTO SECUNDARIO DE MATERIA--NOMBRE CORPORATIVO
Nombre de entidad corporativa o nombre de jurisdicción como elemento inicial Comisión de las Comunidades Europeas
Unidad subordinada Joint Research Centre
9 (RLIN) 2092
650 #4 - ASIENTO SECUNDARIO DE MATERIA--TÉRMINO DE MATERIA
Término de materia o nombre geográfico como elemento inicial memoria anual
9 (RLIN) 28977
650 #4 - ASIENTO SECUNDARIO DE MATERIA--TÉRMINO DE MATERIA
Término de materia o nombre geográfico como elemento inicial informe de actividades
9 (RLIN) 28984
650 #4 - ASIENTO SECUNDARIO DE MATERIA--TÉRMINO DE MATERIA
Término de materia o nombre geográfico como elemento inicial 2002
9 (RLIN) 36519
653 10 - TÉRMINO DE INDEXACIÓN--NO CONTROLADO
Término no controlado Instituciones comunitarias
787 0# - ENTRADA DE OTRAS ESPECIFICACIONES
Título Annual report 2001 / JRC, Joint Research Centre
Número de control del registro relacionado (ES-MaCES)14174
902 ## - CES. TIPO DE DOCUMENTO
Tipodoc (006$c Sirtex) LIB Libro
942 ## - ELEMENTOS KOHA
Fuente de clasificaión o esquema Clasificación propia del CES
Koha [por defecto] tipo de item Monografías
Parte de clasificación 6.4.
Existencias
Número de registro Signatura completa Tipo de item de Koha
055637 SG-6.4.-15 Monografías
© CES, Consejo Económico y Social de España 2021